00836 a2200253 450000500170000000800410001701000140005802000260007203500130009803700150011104000180012608200160014410000290016024500850018926000410027427000480031530000330036350000510039665000240044765000260047165000270049765000370052470000210056120081014123653.0081014t xxu||||| |||| 00| 0 eng d aENG-91323 a9788189915476c650.00 aEN-74856 bDBAD / PUB adplbEnglish  a362.9208082 aThavamony, J. Dinakarlal aWoman as victim of alcoholism /cby J. Dinakarlal Thavamony (and) S. Gokilavani  a New DelhibRegal Publicationsc2008 aF-159, Rajouri Garden, cNew Delhi e110027 axi, 196p.:c22 cm (Hb)bfig. aIncludes bibliographical references and index  aWomen xAlcohol use aAlcoholismxTreatment aAlcoholismxPrevention aWomen alcoholicsxRehabilitation aGokilavani, S.